000 00584nam a2200229Ia 4500
003 OSt
005 20220924153149.0
006 a|||||r|||| 00| 0
007 ta
008 220923b |||||||| |||| 00| 0 guj d
024 _a347044
037 _cTextual
040 _aARTS
_cARTS
_bguj
041 _2guj
_aguj
082 _aO156,6M59,1, F4.1
100 _aDivetiya N.B Au.
_9228209
245 0 _aManomukur
260 _c1924
650 _aGUJRATI LITERATURE
942 _hO156,6M59,1, F4.1
_cTEXL
_2CC
999 _c472543
_d472543